000 00633nam a2200217Ia 4500
003 OSt
005 20220926001101.0
006 a|||||r|||| 00| 0
007 ta
008 220923b |||||||| |||| 00| 0 eng d
037 _cGeneral Book
040 _aRTL
_cRTL
_beng
041 _2eng
_aeng
082 _aY:1.498.N7, L8
100 _aMacdonald David
_9303418
245 0 _aCultural heritage of Tibet
_b A discription of a country
260 _a New Delhi
_bLight and Life India
_c1978
300 _axxxii,283p
_ccm.
942 _hY:1.498.N7, L8
_cGB
_2CC
999 _c600395
_d600395